1303 1012 1521 1287 1375 1992 1859 1587 1327 1199 1617 1067 1281 1690 1376 1953 1512 1436 1119 1112 1608 1559 1004 1546 1474 1447 1658 1647 1627 1360 1131 1683 1277 1675 1843 1892 1892 1919 1595 1227 1208 1160 1188 1806 1144 1818 1478 1919 1620 1152 1380 1914 1493 1167 1295 1158 1068 1370 1126 1071 1342 1546 1390 1576 1057 1472 1772 1710 1216 1354 1271 1015 1831 1596 1562 1227 1558 1725 1237 1958 1028 1732 1815 1065 1318 1543 1931 1930 1944 1718 1193 1409 1718 1699 1435 1248 1085 1264 1422 BCNSPRNW ULIB Ver.6.0+V

เปลี่ยนเป็นภาษาไทย

Change to English
 แสดงรายละเอียดบรรณานุกรม
  กลับหน้าหลัก

Brief Record : Get Marc (ISO 2709) : E-mail record : QR code < ปิดหน้าต่าง
LEADER : 00000nam 2200000uu 4500
001    13399128458
003     ULIB
008    230829s2023||||th 000 0 tha d
020    ^a9780323551335
060 04 ^aWY88^bB674I
100 1  ^aBoggs, Kathleen Underman
245 00 ^aInterpersonal relationships :^bprofessional communicationskills for nurses /^cKathleen Underman Boggs.
246 30 ^aProfessional communication skills for nurses
250    ^a9th ed.
260    ^aSt. Louis, Missouri :^bElsevier,^c2023
300    ^axii, 422 p. :^bill. ;^c24 cm.
504    ^aIncludes bibliographical references and index
650  2 ^aInterpersonal Relations
650  2 ^aNurses
945    ^p3200^l0^i010207
999    ^aประนอม เกษจรัล
รายการนี้ยังไม่มีแท็ก
คุณยังไม่ได้ล็อกอิน คุณสามารถมีกิจกรรมร่วมกับเว็บไซต์ได้ แต่ต้องล็อกอินก่อน ::
  ล็อกอิน

รายการสื่อสารสนเทศ

ลำดับที่ ประเภท เลขเรียก/บาร์โค้ด สถานที่ สถานะ
1. Book การพยาบาล
หนังสือสำรอง
สถานะ=หนังสือสำรอง
WY88 B674I ฉ.1 
  Barcode: 010207
ห้องสมุดวิทยาเขตสวรรค์ประชารักษ์
►หนังสือทั่วไป
บนชั้น

รายการใกล้เคียง
    หัวเรื่อง [Interpersonal Relations]
    หัวเรื่อง [Nurses]

BibComment


ยังไม่เคยถูกคอมเมนท์

คอมเมนท์ทรัพยากรรายการนี้
  คอมเมนท์: Interpersonal re..


 Copyright 2026. Bcnsprnw @Library